| 000 | 00973nam a2200217Ia 4500 | ||
|---|---|---|---|
| 003 | GCL | ||
| 005 | 20240530095243.0 | ||
| 008 | 140319s9999 xx 000 0 ara d | ||
| 040 |
_aGCL / _cGCL |
||
| 082 | 0 | 4 |
_a327.0973 _bس ح |
| 100 | 1 | _aسوندرز، ستونر فرانسيس | |
| 245 | 1 | 2 |
_aالحرب الباردة الثقافية : _bالمخابرات المركزية الامريكية وعالم الفنون والاداب / _cفرانسيس ستونر سوندرز؛ ترجمة طلعت الشايب ؛ تقديم عاصم الدسوقى |
| 260 |
_aالقاهرة : _bالمجلس الاعلى للثقافة ، _c2002 |
||
| 300 |
_a457ص. ؛ _c24 سم |
||
| 650 | 0 | 4 | _aالولايات المتحدة الامريكية |
| 650 | 0 | 4 | _aالاعلام |
| 650 | 0 | 4 | _aالمخابرات - الولايات المتحدة الامريكية |
| 700 |
_4طلعت الشايب _aمترجم |
||
| 700 |
_4عاصم الدسوقى _aمقدم |
||
| 942 |
_2ddc _cBK |
||
| 999 |
_c5475 _d5475 |
||